Click the U.S. Presidents in Order - Statistics

General Stats
  • This quiz has been taken 556 times
    402 since last reset
  • The average score is 24 of 46
Answer Stats
Hint Answer % Correct
1789–1797 George Washington
97%
1801–1809 Thomas Jefferson
84%
1797–1801 John Adams
82%
1809–1817 James Madison
67%
1817–1825 James Monroe
66%
1825–1829 John Quincy Adams
64%
2009–2017 Barack Obama
60%
2021– Joe Biden
58%
1861–1865 Abraham Lincoln
57%
1993–2001 Bill Clinton
57%
1961–1963 John F. Kennedy
57%
2001–2009 George W. Bush
56%
1981–1989 Ronald Reagan
56%
2017–2021 Donald Trump
55%
1829–1837 Andrew Jackson
54%
1933–1945 Franklin D. Roosevelt
54%
1989–1993 George H.W. Bush
54%
1945–1953 Harry Truman
54%
1969–1974 Richard Nixon
54%
1974–1977 Gerald R. Ford
53%
1977–1981 Jimmy Carter
53%
1963–1969 Lyndon B. Johnson
53%
1953–1961 Dwight D. Eisenhower
52%
1841 William Henry Harrison
50%
1913–1921 Woodrow Wilson
50%
1929–1933 Herbert Hoover
49%
1837–1841 Martin Van Buren
48%
1869–1877 Ulysses S. Grant
48%
1845–1849 James K. Polk
47%
1901–1909 Theodore Roosevelt
47%
1865–1869 Andrew Johnson
46%
1923–1929 Calvin Coolidge
46%
1881 James Garfield
44%
1841–1845 John Tyler
44%
1850–1853 Millard Fillmore
44%
1897–1901 William McKinley
44%
1849–1850 Zachary Taylor
44%
1853–1857 Franklin Pierce
43%
1857–1861 James Buchanan
43%
1885–1889 Grover Cleveland
42%
1893-1897 Grover Cleveland (II)
42%
1921–1923 Warren Harding
42%
1881–1885 Chester A. Arthur
41%
1909–1913 William Taft
41%
1877–1881 Rutherford B. Hayes
40%
1889–1893 Benjamin Harrison
39%
No matching quizzes found
Score Distribution
Percent of People with Each Score
Percentile by Number Answered
Your Score History
You have not taken this quiz since the last reset